[Event "Morbihan-ch 0607"]
[Site "Morbihan"]
[Date "2007.03.10"]
[Round "6"]
[White "Loizil, Joel"]
[Black "Donnez, Pierre"]
[Result "1-0"]
[WhiteElo "1897"]
[BlackElo "1499"]
[PlyCount "111"]
[EventDate "2006.10.21"]
[EventType "swiss"]
[EventRounds "7"]
[EventCountry "FRA"]
[SourceTitle "EXT 2009"]
[Source "ChessBase"]
[SourceDate "2008.11.26"]
[SourceVersion "1"]
[SourceVersionDate "2008.11.26"]
[SourceQuality "1"]

1. e4 e5 2. Nf3 Nc6 3. Bc4 h6 4. Nc3 Bc5 5. d3 d6 6. h3 Nf6 7. a3 Qe7 8. b4 Bd4 9. Nxd4 Nxd4 10. Nd5 Nxd5 11. Bxd5 c6 12. Ba2 Be6 13. c3 Bxa2 14. cxd4 Be6 15. Bb2 0-0 16. 0-0 b6 17. Qh5 Qg5 18. Qxg5 hxg5 19. dxe5 dxe5 20. Bxe5 Rad8 21. Rfd1 g4 22. h4 Bb3 23. Rd2 Rfe8 24. Bc3 Re6 25. Kh2 Rg6 26. Re1 Rh6 27. Kg3 Be6 28. d4 f6 29. Red1 Bb3 30. Rc1 Be6 31. Bb2 Rc8 32. Rdc2 Kf7 33. Rxc6 Rxc6 34. Rxc6 Bd7 35. Rc7 Ke7 36. Rxa7 Kd6 37. a4 Bc6 38. d5 Be8 39. a5 bxa5 40. bxa5 Bg6 41. f3 gxf3 42. gxf3 f5 43. Bxg7 Rh5 44. Ra6+ Kc5 45. Rxg6 fxe4 46. fxe4 Kc4 47. a6 Kd3 48. a7 Ke3 49. a8Q Kxe4 50. d6+ Kf5 51. Rf6+ Ke5 52. Qa5+ Ke4 53. Rf4+ Ke3 54. Qc3+ Ke2 55. Rf2+ Kd1 56. Qd2# 1-0

[Event "Morbihan-ch 0607"]
[Site "Morbihan"]
[Date "2006.12.16"]
[Round "3"]
[White "Donnez, Pierre"]
[Black "Tonal, Jean Jacques"]
[Result "1/2-1/2"]
[WhiteElo "1499"]
[BlackElo "1560"]
[PlyCount "60"]
[EventDate "2006.10.21"]
[EventType "swiss"]
[EventRounds "7"]
[EventCountry "FRA"]
[SourceTitle "EXT 2009"]
[Source "ChessBase"]
[SourceDate "2008.11.26"]
[SourceVersion "1"]
[SourceVersionDate "2008.11.26"]
[SourceQuality "1"]

1. e4 d6 2. Nf3 c5 3. Bb5+ Nc6 4. 0-0 a6 5. Bc4 e6 6. d3 Nf6 7. Nc3 g6 8. d4 Bg7 9. Bg5 Qc7 10. Re1 0-0 11. d5 exd5 12. Nxd5 Nxd5 13. Bxd5 Bxb2 14. Rb1 Bg7 15. Bf4 Bg4 16. Qd2 Bxf3 17. gxf3 Kh8 18. Bxc6 Qxc6 19. Rbd1 Rad8 20. Qc1 Rfe8 21. Rd2 Bc3 22. Red1 Bxd2 23. Rxd2 d5 24. Bg5 Rd6 25. exd5 Rxd5 26. Qb2+ Ree5 27. Rxd5 Qxd5 28. Bf6+ Kg8 29. Bxe5 Qxf3 30. Bg7 Qd1+ 1/2-1/2

[Event "Morbihan-ch 0607"]
[Site "Morbihan"]
[Date "2006.10.21"]
[Round "1"]
[White "Le Garrec, Maxime"]
[Black "Donnez, Pierre"]
[Result "1-0"]
[WhiteElo "1610"]
[BlackElo "1499"]
[PlyCount "29"]
[EventDate "2006.10.21"]
[EventType "swiss"]
[EventRounds "7"]
[EventCountry "FRA"]
[SourceTitle "EXT 2009"]
[Source "ChessBase"]
[SourceDate "2008.11.26"]
[SourceVersion "1"]
[SourceVersionDate "2008.11.26"]
[SourceQuality "1"]

1. e4 e5 2. Nf3 d6 3. d4 exd4 4. Nxd4 Nf6 5. Nc3 Qe7 6. Bg5 Qe5 7. Bxf6 Qxf6 8. Nd5 Qd8 9. Bc4 Be6 10. Nxe6 fxe6 11. Nf4 e5 12. Qh5+ Kd7 13. Qf5+ Kc6 14. a4 exf4 15. Qb5# 1-0